Statystyki dla 10 najdłuższych torów F1 2022

Kliknij tutaj aby rozwiązać quiz!

Ogólne statystyki

  • Ten quiz został rozwiązany 46 razy
  • Średni wynik to 7 z 10

Statystyki odpowiedzi

TorDługość toru w km% Poprawnych
Circuit de Spa-Francorchamps7,004
94%
Circuit of the Americas5,516
83%
Autodromo Nazionale di Monza5,793
75%
Jeddah Corniche Circuit6,174
75%
Silverstone Circuit5,891
72%
Suzuka5,807
72%
Bahrain International Circuit5,412
61%
Yas Marina Circuit5,554
61%
Circuit Paul Ricard5,842
58%
Baku Street Circuit6,003
50%

Rozkład punktacji

Percentyl według liczby udzielonych odpowiedzi

Procent ludzi z każdym wynikiem

Twoja historia wyników

Nie rozwiązałeś tego quizu